| 000 | 00924nam a2200253 i 4500 | ||
|---|---|---|---|
| 001 | bg | ||
| 245 | 0 | 0 |
_aPolityka ekologiczna III Rzeczypospolitej : _bpraca zbiorowa / _cpod red. Andrzeja Papuzińskiego ; Akademia Bydgoska im. Kazimierza Wielkiego. |
| 260 |
_aBydgoszcz : _bWydaw. Uczelniane AB, _c2000. |
||
| 300 |
_a479 s. : _bil. ; _c25 cm. |
||
| 500 | _aStreszcz. ang., niem., ros. | ||
| 650 | 9 | _aUnia Europejska a Polska | |
| 650 | 9 |
_aOchrona środowiska _xpolityka _zPolska _yod 1989 r. |
|
| 650 | 9 | _aPolska a Unia Europejska | |
| 700 | 1 |
_aPAPUZIŃSKI, Andrzej. _eRed. |
|
| 710 | 0 | _aAkademia Bydgoska im. Kazimierza Wielkiego | |
| 020 | _a8370963609 | ||
| 040 | _cBPK | ||
| 041 | 0 |
_apol _benggerpol |
|
| 080 | _a504(438:4-67)"1989/..." | ||
| 920 | _a83-7096-360-9 | ||
| 942 | _cKS | ||
| 008 | s pl f |000 0 pol | ||
| 999 |
_c45594 _d45594 |
||
| 856 |
_uhttp://koha.tu.koszalin.pl/cgi-bin/koha/opac-detail.pl?biblionumber=45594 _yKatalog online BPK |
||